La soledad del juego / (Record no. 1384)

MARC details
000 -LEADER
campo de control de longitud fija 01291nam a22002417a 4500
008 - DATOS DE LONGITUD FIJA--INFORMACIÓN GENERAL
campo de control de longitud fija 171202s1999 sp||||| |||| 00| 0 spa d
020 ## - NÚMERO INTERNACIONAL ESTÁNDAR DEL LIBRO
Número Internacional Estándar del Libro 8448220463
082 04 - NÚMERO DE LA CLASIFICACIÓN DECIMAL DEWEY
Número de clasificación 750
Número de ítem I91s
100 1# - ENTRADA PRINCIPAL--NOMBRE DE PERSONA
Nombre de persona Iturria, Ignacio.
9 (RLIN) 6136
245 13 - MENCIÓN DEL TÍTULO
Título La soledad del juego /
Mención de responsabilidad, etc. Ignacio Iturria ; curaduría por José Jiménez.
250 ## - MENCION DE EDICION
Mención de edición 1a edición.
260 ## - PUBLICACIÓN, DISTRIBUCIÓN, ETC.
Lugar de publicación, distribución, etc. Valencia, España :
Nombre del editor, distribuidor, etc. Generalitat Valenciana,
Fecha de publicación, distribución, etc. 1999.
300 ## - DESCRIPCIÓN FÍSICA
Extensión 232 páginas :
Otras características físicas ilustraciones en color.
500 ## - NOTA GENERAL
Nota general Catálogo publicado con motivo a la exposición "Ignacio Iturria: la soledad del juego", presentada del 18 de febrero al 18 de marzo de 1999, en el Museo de Bellas Artes en Valencia.
505 0# - NOTA DE CONTENIDO CON FORMATO
Título Presentación
Mención de responsabilidad Eduardo Zaplana.
Título Presentación
Mención de responsabilidad Juan Villalonga.
Título Presentación
Mención de responsabilidad Manuel Taracón Fandos.
Título Presentación
Mención de responsabilidad Roberto Velázquez.
Título Presentación
Mención de responsabilidad Consuelo Císcar.
Título La soledad del juego
Mención de responsabilidad José Jiménez.
Título La nostalgia de los orígenes
Mención de responsabilidad Ángel Kalenberg.
Título Claro honor del líquido elemento
Mención de responsabilidad Remo Guidieri.
Título Vivir en compañía: a propósito de la obra de Ignacio Iturria
Mención de responsabilidad Hugo Achugar.
653 10 - TÉRMINO DE INDIZACIÓN--NO CONTROLADO
Término no controlado Arte contemporáneo
653 10 - TÉRMINO DE INDIZACIÓN--NO CONTROLADO
Término no controlado Catálogo de exhibición
653 10 - TÉRMINO DE INDIZACIÓN--NO CONTROLADO
Término no controlado Exhibiciones
653 10 - TÉRMINO DE INDIZACIÓN--NO CONTROLADO
Término no controlado Arte - Uruguay
653 10 - TÉRMINO DE INDIZACIÓN--NO CONTROLADO
Término no controlado Pintura
653 10 - TÉRMINO DE INDIZACIÓN--NO CONTROLADO
Término no controlado Pintores
700 1# - ENTRADA AGREGADA--NOMBRE PERSONAL
Nombre de persona Jiménez, José.
Término indicativo de función/relación curador.
9 (RLIN) 6137
Holdings
Estatus retirado Estado de pérdida Fuente del sistema de clasificación o colocación Estado de daño No para préstamo Biblioteca de origen Biblioteca actual Ubicación en estantería Fecha de adquisición Total de préstamos Signatura topográfica completa Código de barras Visto por última vez Precio de reemplazo Tipo de ítem Koha
    Clasificación Decimal Dewey     Biblioteca LadoV Biblioteca LadoV   02/12/2017   750 I91s 000852 02/12/2017 02/12/2017 Material 01